[Event "AUT-chT2O 1819"]
[Site "Austria"]
[Date "2019.03.09"]
[Round "8.2"]
[White "Bauer, Thomas"]
[Black "Lendwai, Reinhard"]
[Result "0-1"]
[WhiteElo "2244"]
[BlackElo "2383"]
[PlyCount "90"]
[EventDate "2018.10.06"]
[EventType "team-tourn"]
[EventRounds "11"]
[EventCountry "AUT"]
[SourceTitle "CBM 189 Extra"]
[Source "ChessBase"]
[SourceDate "2019.06.03"]
[SourceVersion "1"]
[SourceVersionDate "2019.06.03"]
[SourceQuality "1"]
[WhiteTeam "Wien Ottakring"]
[BlackTeam "Nickelsdorf Blackburne"]
[WhiteTeamCountry "AUT"]
[BlackTeamCountry "AUT"]

1. e4 c6 2. Nc3 d5 3. Qe2 d4 4. Nd1 e5 5. g3 Bd6 6. d3 Ne7 7. h4 0-0 8. Nh3 f5 9. Bd2 Na6 10. Bg2 fxe4 11. dxe4 Kh8 12. 0-0 Nc5 13. Kh2 Ng8 14. f3 b6 15. Qe1 Ba6 16. Rg1 Qe7 17. Bg5 Nf6 18. Bf1 Bxf1 19. Rxf1 h6 20. Bd2 Rf7 21. Qe2 Qe6 22. Ndf2 Raf8 23. Kg2 Kg8 24. a3 Nfd7 25. b4 Na4 26. Nd1 b5 27. Ng1 a6 28. Nf2 c5 29. Ng4 c4 30. Rae1 Qg6 31. Nh3 Nb2 32. h5 Qe6 33. f4 exf4 34. gxf4 d3 35. cxd3 Nxd3 36. f5 Nxe1+ 37. Rxe1 Qe8 38. e5 Nxe5 39. Nxe5 Re7 40. Bf4 Rxf5 41. Qg4 Rfxe5 42. Bxe5 Rxe5 43. Rxe5 Qxe5 44. Qd7 Qd5+ 45. Kf1 Qf7+ 0-1

[Event "AUT-chT2O 1718"]
[Site "Austria"]
[Date "2017.10.22"]
[Round "2.3"]
[White "Lendwai, Reinhard"]
[Black "Petran, Peter"]
[Result "1/2-1/2"]
[WhiteElo "2380"]
[BlackElo "2318"]
[PlyCount "72"]
[EventDate "2017.10.21"]
[EventType "team-tourn"]
[EventRounds "11"]
[EventCountry "AUT"]
[SourceTitle "CBM 181 Extra"]
[Source "ChessBase"]
[SourceDate "2017.12.12"]
[SourceVersion "1"]
[SourceVersionDate "2017.12.12"]
[SourceQuality "1"]
[WhiteTeam "Nickelsdorf Blackburne"]
[BlackTeam "Mattersburg"]
[WhiteTeamCountry "AUT"]
[BlackTeamCountry "AUT"]

1. d4 f5 2. Nf3 g6 3. c4 Bg7 4. Nc3 d6 5. g3 c6 6. Bg2 Nh6 7. b3 0-0 8. 0-0 Nf7 9. Re1 e5 10. dxe5 dxe5 11. Qxd8 Rxd8 12. e4 Na6 13. Ba3 Re8 14. Rad1 f4 15. h3 g5 16. g4 Bf8 17. Bxf8 Kxf8 18. Rd2 Be6 19. Red1 Ke7 20. Ne1 h5 21. f3 Rad8 22. Rxd8 Nxd8 23. Nd3 Nf7 24. c5 b6 25. cxb6 axb6 26. Na4 hxg4 27. hxg4 Rd8 28. Nxb6 Nb4 29. Bf1 Nxa2 30. Ra1 Rb8 31. Rxa2 Rxb6 32. Nc5 Kd6 33. Nxe6 Kxe6 34. Bc4+ Kf6 35. Ra7 Nd6 36. Rc7 Nxc4 1/2-1/2

[Event "Niederoesterreich Landesliga 1617"]
[Site "Austria"]
[Date "2017.01.22"]
[Round "5.2"]
[White "Knoll, Hermann"]
[Black "Lendwai, Reinhard"]
[Result "1/2-1/2"]
[WhiteElo "2341"]
[BlackElo "2383"]
[PlyCount "37"]
[EventDate "2016.10.02"]
[EventType "team-tourn"]
[EventRounds "11"]
[EventCountry "AUT"]
[SourceTitle "EXT 2018"]
[Source "ChessBase"]
[SourceDate "2017.10.13"]
[SourceVersion "1"]
[SourceVersionDate "2017.10.13"]
[SourceQuality "1"]
[WhiteTeam "Mostarrichi"]
[BlackTeam "Baden Invest II"]
[WhiteTeamCountry "AUT"]
[BlackTeamCountry "AUT"]

1. d4 Nf6 2. Nf3 d5 3. e3 e6 4. Bd3 c5 5. c3 Nc6 6. Nbd2 Bd6 7. 0-0 0-0 8. b3 e5 9. dxc5 Bxc5 10. e4 Bg4 11. Bb2 Re8 12. h3 Bh5 13. Qe2 d4 14. Bb5 Qb6 15. Bxc6 Qxc6 16. Rac1 Qd7 17. cxd4 Bxd4 18. Bxd4 exd4 19. Qd3 1/2-1/2

[Event "Niederoesterreich Landesliga 1617"]
[Site "Austria"]
[Date "2016.11.27"]
[Round "3.1"]
[White "Lendwai, Reinhard"]
[Black "Sandhoefner, Florian"]
[Result "1/2-1/2"]
[WhiteElo "2383"]
[BlackElo "2251"]
[PlyCount "46"]
[EventDate "2016.10.02"]
[EventType "team-tourn"]
[EventRounds "11"]
[EventCountry "AUT"]
[SourceTitle "EXT 2018"]
[Source "ChessBase"]
[SourceDate "2017.10.13"]
[SourceVersion "1"]
[SourceVersionDate "2017.10.13"]
[SourceQuality "1"]
[WhiteTeam "Baden Invest II"]
[BlackTeam "Amstetten"]
[WhiteTeamCountry "AUT"]
[BlackTeamCountry "AUT"]

1. e4 c5 2. Nf3 d6 3. Bb5+ Bd7 4. Bxd7+ Qxd7 5. c4 e5 6. Nc3 Nc6 7. d3 g6 8. h4 h6 9. h5 g5 10. Nh2 Nd4 11. g4 Ne7 12. Nf1 Nec6 13. Nd5 Be7 14. Ng3 0-0 15. Be3 Rfb8 16. Bxd4 Nxd4 17. 0-0 b5 18. b3 Rb7 19. Nf5 Nxf5 20. exf5 f6 21. Qf3 Rab8 22. Nc3 a6 23. Rfe1 Kg7 1/2-1/2

[Event "AUT-chT 1617"]
[Site "Austria"]
[Date "2016.10.22"]
[Round "3.3"]
[White "Lendwai, Reinhard"]
[Black "Rozentalis, Eduardas"]
[Result "0-1"]
[WhiteElo "2383"]
[BlackElo "2567"]
[PlyCount "95"]
[EventDate "2016.10.20"]
[EventType "team-tourn"]
[EventRounds "11"]
[EventCountry "AUT"]
[SourceTitle "CBM 175 Extra"]
[Source "ChessBase"]
[SourceDate "2016.12.12"]
[SourceVersion "1"]
[SourceVersionDate "2016.12.12"]
[SourceQuality "1"]
[WhiteTeam "Nickelsdorf Blackburne"]
[BlackTeam "Hohenems"]
[WhiteTeamCountry "AUT"]
[BlackTeamCountry "AUT"]

1. d4 Nf6 2. Nf3 e6 3. g3 c5 4. Bg2 Nc6 5. 0-0 cxd4 6. Nxd4 Bc5 7. Nb3 Be7 8. c4 d6 9. Nc3 0-0 10. Bf4 h6 11. Rc1 e5 12. Be3 Be6 13. Nd5 Rc8 14. h3 e4 15. Nxf6+ Bxf6 16. Nd4 Nxd4 17. Bxd4 Bxc4 18. b3 Be6 19. Bxf6 Qxf6 20. Qxd6 Rxc1 21. Rxc1 Qb2 22. Re1 e3 23. fxe3 Qxa2 24. b4 b6 25. Qd4 Rc8 26. Kf2 Qc2 27. Ra1 Qc7 28. g4 Qe7 29. b5 Rc5 30. Qf4 Kh7 31. Rb1 g6 32. Rb4 Qh4+ 33. Qg3 Qxg3+ 34. Kxg3 Bd7 35. Ra4 a5 36. bxa6 Bxa4 37. a7 Ra5 38. a8Q Rxa8 39. Bxa8 g5 40. e4 f6 41. Kf3 Kg7 42. Bd5 Bb5 43. Bb3 Kf8 44. Ke3 Ke7 45. Bc2 Kd6 46. Bd3 Kc5 47. Bb1 Bc6 48. Kd3 0-1

[Event "AUT-chT2O 1516"]
[Site "Austria"]
[Date "2016.03.05"]
[Round "7.3"]
[White "Brod, Manfred"]
[Black "Lendwai, Reinhard"]
[Result "1/2-1/2"]
[WhiteElo "2259"]
[BlackElo "2360"]
[PlyCount "70"]
[EventDate "2015.10.17"]
[EventType "team-tourn"]
[EventRounds "11"]
[EventCountry "AUT"]
[SourceTitle "EXT 2017"]
[Source "ChessBase"]
[SourceDate "2016.10.25"]
[SourceVersion "1"]
[SourceVersionDate "2016.10.25"]
[SourceQuality "1"]
[WhiteTeam "Mattersburg"]
[BlackTeam "Nickelsdorf Blackburne"]
[WhiteTeamCountry "AUT"]
[BlackTeamCountry "AUT"]

1. e4 Nf6 2. e5 Nd5 3. c4 Nb6 4. d4 d6 5. exd6 exd6 6. Nc3 Be7 7. Bd3 0-0 8. Nge2 Bg4 9. Qc2 Bxe2 10. Nxe2 h6 11. Be3 Re8 12. h4 Bxh4 13. Qd2 Bg5 14. f4 Bh4+ 15. g3 Bf6 16. g4 Nc6 17. 0-0-0 Nb4 18. g5 Nxd3+ 19. Qxd3 Nxc4 20. Qxc4 Rxe3 21. gxf6 Qxf6 22. d5 c6 23. Nc3 c5 24. Rde1 Rae8 25. Rxe3 Rxe3 26. Nd1 Re7 27. a4 a6 28. a5 Re8 29. Rg1 g6 30. Rg3 h5 31. Re3 Rxe3 32. Nxe3 Qh4 33. Qf1 Qf6 34. Qc4 Qh4 35. Qf1 Qf6 1/2-1/2

[Event "Niederoesterreich Landesliga 1516"]
[Site "Austria"]
[Date "2016.02.14"]
[Round "8.2"]
[White "Lovrinovic, Christian"]
[Black "Lendwai, Reinhard"]
[Result "0-1"]
[WhiteElo "2121"]
[BlackElo "2359"]
[PlyCount "104"]
[EventDate "2015.09.27"]
[EventType "team-tourn"]
[EventRounds "11"]
[EventCountry "AUT"]
[SourceTitle "EXT 2017"]
[Source "ChessBase"]
[SourceDate "2016.10.25"]
[SourceVersion "1"]
[SourceVersionDate "2016.10.25"]
[SourceQuality "1"]
[WhiteTeam "Boehlerwerk"]
[BlackTeam "Baden Invest II"]
[WhiteTeamCountry "AUT"]
[BlackTeamCountry "AUT"]

1. d4 Nf6 2. c4 e6 3. Nc3 Bb4 4. Nf3 0-0 5. g3 d5 6. Bg2 Nc6 7. cxd5 exd5 8. 0-0 Re8 9. Bg5 Bxc3 10. bxc3 h6 11. Bxf6 Qxf6 12. Nd2 Bg4 13. Re1 Rad8 14. h3 Bh5 15. Rb1 b6 16. Bf3 Bxf3 17. Nxf3 Na5 18. Ne5 Qe6 19. Kh2 f6 20. Nf3 Qf5 21. Kg2 Nc4 22. Rc1 a5 23. Qc2 Qxc2 24. Rxc2 Rd6 25. Nd2 Rc6 26. Nxc4 Rxc4 27. Rb1 Re6 28. Rb3 Rec6 29. e3 a4 30. Ra3 b5 31. Kf3 Kf7 32. Ke2 Rb4 33. h4 f5 34. Kd2 Rb1 35. Rc1 Rxc1 36. Kxc1 Rc4 37. Kd2 Kg6 38. Ke2 Kh5 39. Kf3 g5 40. hxg5 Kxg5 41. Kg2 Kg4 42. f3+ Kg5 43. Kf2 h5 44. Kg2 h4 45. Kh3 hxg3 46. Kxg3 f4+ 47. Kf2 Kf5 48. Ke2 fxe3 49. Kxe3 Kg5 50. Ke2 Kf4 51. Kf2 Rc6 52. Kg2 Re6 0-1

[Event "AUT-chT2O 1415"]
[Site "Austria"]
[Date "2015.03.08"]
[Round "11.5"]
[White "Theissl Pokorna, Regina"]
[Black "Lendwai, Reinhard"]
[Result "1/2-1/2"]
[WhiteElo "2362"]
[BlackElo "2347"]
[PlyCount "101"]
[EventDate "2014.10.18"]
[EventType "team-tourn"]
[EventRounds "11"]
[EventCountry "AUT"]
[SourceTitle "EXT 2016"]
[Source "ChessBase"]
[SourceDate "2015.10.08"]
[SourceVersion "1"]
[SourceVersionDate "2015.10.08"]
[SourceQuality "1"]
[WhiteTeam "Austria"]
[BlackTeam "Nickelsdorf"]
[WhiteTeamCountry "AUT"]
[BlackTeamCountry "AUT"]

1. e4 c5 2. Nc3 d6 3. g3 Nc6 4. Bg2 g6 5. d3 Bg7 6. Be3 h5 7. h3 h4 8. g4 e5 9. Qd2 Be6 10. Nge2 Nd4 11. f4 Bxg4 12. hxg4 h3 13. 0-0-0 hxg2 14. Rxh8 Bxh8 15. Bxd4 cxd4 16. Nd5 Nf6 17. Ng1 Nxd5 18. exd5 exf4 19. Re1+ Kf8 20. Qxf4 Qa5 21. Qxd6+ Kg8 22. Re2 Qxa2 23. Rxg2 Qa1+ 24. Kd2 Qf1 25. Qg3 Rc8 26. Nf3 Qb1 27. Ne1 Qxb2 28. Re2 Bf6 29. Re4 Qc3+ 30. Ke2 Qc5 31. g5 Bg7 32. d6 Rd8 33. Re7 Rxd6 34. Qf3 Re6+ 35. Rxe6 fxe6 36. Qxb7 a5 37. Qa8+ Bf8 38. Qe4 Qf5 39. Qxd4 Qxg5 40. Qe4 Qf5 41. Qc4 Qe5+ 42. Kf1 Bc5 43. c3 Qd5 44. Qa6 Be7 45. d4 Qf5+ 46. Ke2 Qe4+ 47. Kd1 Qb1+ 48. Ke2 Qe4+ 49. Kd1 Qb1+ 50. Ke2 Qe4+ 51. Kd1 1/2-1/2

[Event "AUT-chT2O 1415"]
[Site "Austria"]
[Date "2015.02.21"]
[Round "8.1"]
[White "Neumeier, Klaus"]
[Black "Lendwai, Reinhard"]
[Result "1/2-1/2"]
[WhiteElo "2268"]
[BlackElo "2347"]
[PlyCount "67"]
[EventDate "2014.10.18"]
[EventType "team-tourn"]
[EventRounds "11"]
[EventCountry "AUT"]
[SourceTitle "EXT 2016"]
[Source "ChessBase"]
[SourceDate "2015.10.08"]
[SourceVersion "1"]
[SourceVersionDate "2015.10.08"]
[SourceQuality "1"]
[WhiteTeam "Pressbaum"]
[BlackTeam "Nickelsdorf"]
[WhiteTeamCountry "AUT"]
[BlackTeamCountry "AUT"]

1. c4 e6 2. g3 d5 3. Bg2 Nf6 4. Nf3 Be7 5. 0-0 0-0 6. b3 a6 7. Bb2 b5 8. Qc2 c5 9. d3 Bb7 10. e3 Nc6 11. a3 Qb6 12. Nbd2 Rfd8 13. Rac1 dxc4 14. dxc4 b4 15. a4 Qc7 16. Ng5 h6 17. Bxf6 hxg5 18. Ba1 Na5 19. Nf3 Bf6 20. Bxf6 gxf6 21. Rfd1 Rxd1+ 22. Rxd1 Rd8 23. h4 Bxf3 24. Bxf3 gxh4 25. gxh4 Kg7 26. h5 Rxd1+ 27. Qxd1 Qe5 28. Kf1 f5 29. h6+ Kxh6 30. Qd8 Nxb3 31. Qh4+ Kg7 32. Qg5+ Kh7 33. Qh4+ Kg8 34. Qd8+ 1/2-1/2

[Event "AUT-chT2O 1415"]
[Site "Austria"]
[Date "2015.01.25"]
[Round "7.6"]
[White "Blatny, Pavel"]
[Black "Lendwai, Reinhard"]
[Result "0-1"]
[WhiteElo "2414"]
[BlackElo "2347"]
[PlyCount "60"]
[EventDate "2014.10.18"]
[EventType "team-tourn"]
[EventRounds "11"]
[EventCountry "AUT"]
[SourceTitle "EXT 2016"]
[Source "ChessBase"]
[SourceDate "2015.10.08"]
[SourceVersion "1"]
[SourceVersionDate "2015.10.08"]
[SourceQuality "1"]
[WhiteTeam "Zwettl"]
[BlackTeam "Nickelsdorf"]
[WhiteTeamCountry "AUT"]
[BlackTeamCountry "AUT"]

1. b3 Nf6 2. Bb2 g6 3. g4 h6 4. Bg2 Bg7 5. h3 d6 6. c4 e5 7. Nc3 0-0 8. e3 Nc6 9. Nge2 d5 10. Nxd5 Nxd5 11. Bxd5 Nb4 12. Be4 f5 13. Ba3 a5 14. Bxb4 axb4 15. gxf5 gxf5 16. Bd5+ Kh8 17. d4 f4 18. exf4 exd4 19. Nc1 Bf5 20. Nd3 c6 21. Bf3 Qh4 22. Kf1 Bxd3+ 23. Qxd3 Rxf4 24. Re1 Qf6 25. Bd1 Rxf2+ 26. Kg1 Raxa2 27. Re8+ Bf8 28. Re2 Rf3 29. Qe4 Rg3+ 30. Kh2 Bd6 0-1

[Event "Niederoesterreich Landesliga 1415"]
[Site "Austria"]
[Date "2014.12.14"]
[Round "6.1"]
[White "Vykydal, Frantisek"]
[Black "Lendwai, Reinhard"]
[Result "1/2-1/2"]
[WhiteElo "2117"]
[BlackElo "2350"]
[PlyCount "52"]
[EventDate "2014.10.05"]
[EventType "team-tourn"]
[EventRounds "11"]
[EventCountry "AUT"]
[SourceTitle "EXT 2016"]
[Source "ChessBase"]
[SourceDate "2015.10.08"]
[SourceVersion "1"]
[SourceVersionDate "2015.10.08"]
[SourceQuality "1"]
[WhiteTeam "Zwettl II"]
[BlackTeam "Baden Invest II"]
[WhiteTeamCountry "AUT"]
[BlackTeamCountry "AUT"]

1. e4 c5 2. Nc3 Nc6 3. g3 g6 4. Bg2 Bg7 5. d3 d6 6. Nge2 e6 7. Be3 Nd4 8. Qd2 Ne7 9. Nd1 Nxe2 10. Qxe2 0-0 11. Qd2 Nc6 12. Bh6 Bxh6 13. Qxh6 Qf6 14. Qd2 d5 15. 0-0 dxe4 16. Bxe4 Bd7 17. f4 Rfd8 18. Ne3 Be8 19. Qc3 Qd4 20. Qxd4 Rxd4 21. a4 Nd8 22. Nc4 Bc6 23. Rfe1 Bxe4 24. Rxe4 Nc6 25. Rae1 Rad8 26. Kf2 b6 1/2-1/2

[Event "Niederoesterreich Landesliga 1415"]
[Site "Austria"]
[Date "2014.11.30"]
[Round "5.1"]
[White "Lendwai, Reinhard"]
[Black "Plachetka, Jan"]
[Result "0-1"]
[WhiteElo "2350"]
[BlackElo "2362"]
[PlyCount "64"]
[EventDate "2014.10.05"]
[EventType "team-tourn"]
[EventRounds "11"]
[EventCountry "AUT"]
[SourceTitle "EXT 2016"]
[Source "ChessBase"]
[SourceDate "2015.10.08"]
[SourceVersion "1"]
[SourceVersionDate "2015.10.08"]
[SourceQuality "1"]
[WhiteTeam "Baden Invest II"]
[BlackTeam "Bad Voeslau/Kottingbrunn"]
[WhiteTeamCountry "AUT"]
[BlackTeamCountry "AUT"]

1. d4 Nf6 2. c4 e6 3. Nc3 Bb4 4. e3 0-0 5. Nge2 d5 6. a3 Be7 7. Ng3 c5 8. dxc5 Bxc5 9. cxd5 exd5 10. Bd3 Nc6 11. Nh5 Be6 12. 0-0 Ne5 13. h3 Nxd3 14. Nxf6+ Qxf6 15. Qxd3 Rfd8 16. Bd2 Rac8 17. Rfc1 a6 18. Na4 Ba7 19. Ba5 Re8 20. Qd2 Qg6 21. Kh1 Bxh3 22. Qxd5 Be6 23. Qf3 Rxc1+ 24. Rxc1 Bg4 25. Qf4 Re4 26. Qc7 h6 27. Nc3 Bf3 28. Qd8+ Kh7 29. gxf3 Re5 30. Bc7 Bb6 31. Rg1 Rh5+ 32. Bh2 Rxh2+ 0-1

[Event "EU-Cup 29th"]
[Site "Rhodes"]
[Date "2013.10.23"]
[Round "4.2"]
[White "Lendwai, Reinhard"]
[Black "Thorfinnsson, Bjorn"]
[Result "0-1"]
[WhiteElo "2379"]
[BlackElo "2385"]
[PlyCount "118"]
[EventDate "2013.10.20"]
[EventType "team-swiss"]
[EventRounds "7"]
[EventCountry "GRE"]
[SourceTitle "CBM 157"]
[Source "ChessBase"]
[SourceDate "2013.11.12"]
[SourceVersion "1"]
[SourceVersionDate "2013.11.12"]
[SourceQuality "1"]
[WhiteTeam "Baden Invest"]
[BlackTeam "Viking"]
[WhiteTeamCountry "AUT"]
[BlackTeamCountry "ISL"]

1. d4 Nf6 2. c4 c5 3. Nf3 cxd4 4. Nxd4 Nc6 5. Nc3 d6 6. e4 g6 7. Be2 Bg7 8. Be3 0-0 9. 0-0 Bd7 10. f3 a6 11. Qd2 Rc8 12. Rac1 Ne8 13. Nd5 Nxd4 14. Bxd4 Bxd4+ 15. Qxd4 Bc6 16. Nb6 Rb8 17. Rfd1 Qc7 18. b4 Ng7 19. b5 Ne6 20. Qe3 Nc5 21. Nd5 Bxd5 22. Rxd5 f6 23. Rcd1 Nd7 24. f4 Qb6 25. Qxb6 Nxb6 26. R5d4 Rfc8 27. Bg4 Rc7 28. Be6+ Kg7 29. h4 Na4 30. R1d2 Nc5 31. Bh3 axb5 32. cxb5 b6 33. g3 Ra8 34. Bf1 Ra3 35. Kh2 Rca7 36. Bc4 Re3 37. Bd5 Raa3 38. Rg2 Nd3 39. Rc4 Nc5 40. Rcc2 e6 41. Bc6 Kf7 42. Rce2 f5 43. exf5 gxf5 44. Rxe3 Rxe3 45. g4 fxg4 46. Rxg4 Ra3 47. Rg2 Kf6 48. h5 d5 49. h6 d4 50. Rg7 d3 51. Be8 Rxa2+ 52. Kh3 d2 53. Bh5 Kf5 54. Rxh7 Ra1 55. Rf7+ Ke4 56. Kg3 Rh1 57. Bf3+ Ke3 58. h7 Rg1+ 59. Kh2 Kxf3 0-1

[Event "AUT-chT2O 1213"]
[Site "Austria"]
[Date "2012.11.17"]
[Round "3.2"]
[White "Lipka, Juraj"]
[Black "Lendwai, Reinhard"]
[Result "1/2-1/2"]
[WhiteElo "2441"]
[BlackElo "2379"]
[PlyCount "59"]
[EventDate "2012.10.06"]
[EventType "team-tourn"]
[EventRounds "11"]
[EventCountry "AUT"]
[SourceTitle "EXT 2014"]
[Source "ChessBase"]
[SourceDate "2013.11.20"]
[SourceVersion "1"]
[SourceVersionDate "2013.11.20"]
[SourceQuality "1"]
[WhiteTeam "Pamhagen"]
[BlackTeam "Waehring"]
[WhiteTeamCountry "AUT"]
[BlackTeamCountry "AUT"]

1. Nf3 d5 2. d4 Nf6 3. c4 c6 4. e3 g6 5. Nc3 Bg7 6. Be2 0-0 7. 0-0 a6 8. b3 b5 9. Bb2 Bg4 10. Rc1 e6 11. h3 Bxf3 12. Bxf3 Nbd7 13. cxd5 cxd5 14. a4 b4 15. Na2 a5 16. Rc6 Ne4 17. Bxe4 dxe4 18. Qc2 Qh4 19. g3 Qxh3 20. Qxe4 Nf6 21. Qg2 Qf5 22. Rc5 Qd3 23. Nc1 Qa6 24. Rc6 Qb7 25. Nd3 Rac8 26. Rxc8 Qxg2+ 27. Kxg2 Rxc8 28. Rc1 Rxc1 29. Bxc1 Nd7 30. Nb2 1/2-1/2